00963cam a2200313 a 45000010005000000030006000050050017000110080041000280100017000690200028000860400023001140420009001370500023001460820015001691000027001842450048002112500046002592600037003053000059003425050007004015200085004085210019004935210018005126500025005306500028005556500020005836500026006036500020006294077FISKH20240605142751.0040507s2005 paua b 000 1 eng  a 2004010780 a1590782860 (alk. paper) aDLCcDLCdDLCbeng alcac00aPZ7.B6234bSp 200500a813.6 2221 aBloom, Suzanne,d1950-12aA splendid friend, indeed /cSuzanne Bloom. aFirst Scholastic printing, February 2006  aNew York : bScholastic, c2005  a30 unnumbered pages : bcolor illustrations ; c28 cm  aC  aWhen a studious polar bear meets an inquisitive goose, they learn to be friends.8 a150 bLexile 8 aC bRaz-Plus  1aFriendshipvFiction. 1aIndividualityvFiction. 1aGeesevFiction. 1aPolar bearsvFiction. 1aBearsvFiction.